| 000 | 00394cam a22001097a 4500 | ||
|---|---|---|---|
| 008 | 180718b1974 xxu||||| |||| 00| 0 eng d | ||
| 082 | _aT19x54113 M472R | ||
| 245 |
_aReport on socio-economic survey of Garo hills district, 1970 _cby Directorate of Economics and Statistics |
||
| 260 |
_aShillong _bThe author _c1974 |
||
| 300 | _a105p. | ||
| 700 | _aMeghalaya. Directorate of Economics and Statistics | ||
| 999 |
_c488324 _d488324 |
||